Şiir ve öykülerde Ayvalık (Record no. 15306)

MARC details
000 -BAŞLIK
Sabit Uzunlukta Kontrol Alanı 00666nam a22002177a 4500
999 ## - SİSTEM KONTROL NUMARALARI (KOHA)
Koha Biblionumber 15306
Koha Biblioitemnumber 15306
003 - KONTROL NUMARASI IDENTIFIER
Denetim Alanı MIRAKIL
005 - SON İŞLEM TARİHİ VE ZAMANI
Denetim Alanı 20240207113456.0
008 - SABİT-BOY VERİ ELEMANLARI - GENEL BİLGİLER
Sabit Uzunlukta Kontrol Alanı 240207b tu ||||| |||| 00| 0 tur d
020 ## - ULUSLARARASI STANDART KİTAP NUMARASI
Uluslararası Standart Kitap Numarası 9786057388407
040 ## - KATALOGLAMA KAYNAK
Orijinal Kataloglama Ajansı TR-AnCHP
Metne Dönüştürmek Ajansı TR-AnCHP
041 ## - DİL KODU
Metin / Ses Parça Veya Ayrı Başlığın Dil Kodu Türkçe
082 ## - DEWEY ONLU SINIFLANDIRMA NUMARASI
Sınıflandırma Numarası 818.42
Ürün Numarası Ş55 2021
090 ## - SINIFLAMA NUMARASI
Sınıflama Numarası 818.42 E56Ş 2021
245 10 - BAŞLIK TABLOSU
Başlık Şiir ve öykülerde Ayvalık
Sorumluluk Tablosu, Vb derleyen : Gültekin Emre
250 ## - EDITION TABLOSU
Baskı Beyanı 1. bs.
260 ## - YAYIN, DAĞITIM, VB
Yayın, Dağıtım, Vb Yeri İzmir
Yayıncı, Dağıtıcı, Vs Adı Ayvada
Yayın, Dağıtım, Vb Tarihi 2021
300 ## - FİZİKSEL TANIM
Kapsam 231 s.
Diğer Fiziksel Ayrıntıları res.
Boyutlar 21 cm.
650 #0 - KONU KATMA GİRİŞ - TOPİKAL DÖNEM
9 (RLIN) 5098
Topikal Süreli Veya Coğrafi Ad Giriş Elemanı Edebiyat
Form Alt Bölümü Şiir ve öykü
Genel Alt Bölümü Ayvalık
856 ## - ELEKTRONİK YER VE ERİŞİM
Kamu Notu Dijital Nüshası için Partimizin Kütüphane Sorumlusu ile iletişime geçiniz.
942 ## - EKLENDİ GİRİŞ ELEMANLARI (KOHA)
Sınıflandırma Veya Raf Düzeni Kaynak Dewey Decimal Classification
Koha Öğesi Türü Books
Holdings
Kalıcı Konum Mevcut Konum Edinme Tarihi Toplam Check-Out'Lar Tam Çağrı Numarası Barkod Tarih Son Görülme İtibaren Geçerli Fiyatlar Koha Öğesi Türü
CHP Kütüphanesi CHP Kütüphanesi 02/07/2024   818.42 Ş55 2021 20895 02/07/2024 02/07/2024 Books